000 00330pab a2200145 454500
008 180718b2002 xxu||||| |||| 00| 0 eng d
100 _aHandoo, Khavar Meraj
245 _aOnline banking: an insight
260 _c2002
300 _ap.135-39.
362 _aMar
650 _aBanks
773 _aBusiness Review
909 _a52377
999 _c52377
_d52377